Последнее письмо политрука 4-й роты 2-го батальона 1075-го стрелкового полка 316-й стрелковой дивизии 16-й армии Западного фронт...

RUSMARC
00003779cbm0a2200265#x 450
001257743ec-5397-48a6-a7b2-55e9f51e082e
00520221222143044.0
100##$a20221222j19421107k###0rusy50 ca
1012#$arus
102##$aRU
105##$ay###z########
1220#$ad19421107##
2001#$aПоследнее письмо политрука 4-й роты 2-го батальона 1075-го стрелкового полка 316-й стрелковой дивизии 16-й армии Западного фронта В. Г. Клочкова родным
$j7 ноября 1942 г.
251##$cДокумент
300##$aПодлинник
461#0$12001
$aФ. М-7
$1251
$cФонд
$1852
$jМ-7
462#0$12001
$aОп. 2
$1251
$cОпись
$1852
$j2
462#0$12001
$aД. 578
$vЛ. 23-24об.
$1251
$cДело
$1852
$j578
605##$2prlib_sh
$3LIBNET\UAF\0000088514
$aВторая мировая война в архивных документах (Комплекс оцифрованных архивных документов, кино- и фотоматериалов)
$lколлекция
686##$a63.3(2)622,11ю11
$vLBC/M
$2rubbk
801#0$aRU
$bПБ им. Б.Н. Ельцина
$c20221222
801#1$aRU
$bПБ им. Б.Н. Ельцина
$c20221222
$2rusmarc
801#2$aRU
$bПБ им. Б.Н. Ельцина
$c20221222
$2rusmarc
850##$aРоссийский государственный архив социально-политической истории
852##$aРГАСПИ
$jЛ. 23-24об.
035##$aLIBNET\0001298547
937##$d181677565
$hФедеральное архивное агентство
8564#$uhttp://readingroom.main.prlib.ru/item.aspx?id_node=n181677565&mode=full
Формат отображения